000 00376nam a2200157Ia 4500
003 Ost
005 20260225132557.0
008 260225s9999||||xx |||||||||||||| ||und||
040 _cfsic
041 _afre
082 _a440
100 _aBonhomme ,Marc
_eAuteur
245 0 _aL'analyse linguistique des discours médiatiques /
245 0 _cBonhomme ,Marc
942 _cكتاب
999 _c34546
_d34546